000 00670nam a2200133 a 4500
008 080428s2001 ||||||||||||||||| || u
050 _aTHESIS/STUDENT
100 _aKashweka, Samuel Mukelabai
245 1 0 _aBuilding cost information survices: an evaluation of costs and benefits for the Zambian Construction Industry
_cthesis supervised by Mr. Matipa, Wilfred
260 _aKitwe
_bCopperbelt University, School of Built Environment, Department of Building
_c2001
350 _a0.00
650 _aBUILDING
995 _D0.00
_FCBU-MAIN LIBRARY (Kitwe)
_H1
_I0.00
_M1
_UAVAILABLE
_WApr 28, 2008
_ZUniversity Collection
999 _c36257
_d36257